Представление документа в формате MARC21

Поле Инд. ПП Название Значение
Тип записи a
Библиографический уровень b
001 Контрольный номер RU/IS/BASE/267626857
005 Дата корректировки 20200630193156.3
008 Кодируемые данные 20080624
040 b Код языка каталог. rus
e Правила каталог. PSBO
041 0_ a Код языка текста rus
084 a Индекс другой классификации/Индекс ББК 81.411.2-5; 81в; 87.228.1
100 1_ a Автор Мякшева О. В.
245 10 a Заглавие Пространство в языке и речи. Специфика газетных текстов
504 a Библиография Библиогр.: с. 106 - 107
650 04 a Основная рубрика русский язык
a Основная рубрика филологические науки
a Основная рубрика философия
a Основная рубрика философия языка; лингвистика текста
a Основная рубрика частное языкознание
a Основная рубрика языкознание
a Основная рубрика общее языкознание
653 1_ a Ключевые слова газетный текст
a Ключевые слова газеты
a Ключевые слова картина мира
a Ключевые слова концептуальное пространство
a Ключевые слова лингвистика текста
a Ключевые слова пространственная картина текста
a Ключевые слова пространственная референция
a Ключевые слова пространственные отношения
a Ключевые слова пространство
a Ключевые слова пространство ассоциативного фона
a Ключевые слова публицистика
a Ключевые слова реальное пространство
a Ключевые слова семантика
a Ключевые слова семантика пространственная
a Ключевые слова семантика текста
a Ключевые слова язык массмедиа
773 08 t Заглавие источника Вестник Московского университета. Серия 9, Филология
d Дата издания источника 2007
g Прочая информация № 5. - С. 97 - 107
w Контрольный № источника RU/IS/BASE/261756274
901 t Тип документа b